000 00284nam a2200109Ia 4500
008 230907s9999||||xx |||||||||||||| ||und||
082 _a621.433
_bSTA
245 0 _aStationary gas turbine alternative fuels :
260 _aASTM,
_bPhiladelphia :
_c1983
300 _a361 p.
942 _cBK
999 _c599931
_d599931